<?xml version="1.0" encoding="UTF-8"?>
<record
    xmlns:xsi="http://www.w3.org/2001/XMLSchema-instance"
    xsi:schemaLocation="http://www.loc.gov/MARC21/slim http://www.loc.gov/standards/marcxml/schema/MARC21slim.xsd"
    xmlns="http://www.loc.gov/MARC21/slim">

  <leader>00837nam a2200241   4500</leader>
  <controlfield tag="003">OSt</controlfield>
  <controlfield tag="005">20260601171008.0</controlfield>
  <controlfield tag="008">260418b1996\\\\ja\a||||\||||\00|\0\eng\d</controlfield>
  <datafield tag="040" ind1=" " ind2=" ">
    <subfield code="a">ICI</subfield>
    <subfield code="b">spa</subfield>
    <subfield code="c">ICI</subfield>
  </datafield>
  <datafield tag="041" ind1=" " ind2=" ">
    <subfield code="a">eng</subfield>
  </datafield>
  <datafield tag="050" ind1=" " ind2=" ">
    <subfield code="a">NC998.6.J3</subfield>
    <subfield code="b">D57</subfield>
  </datafield>
  <datafield tag="245" ind1=" " ind2="1">
    <subfield code="a">Display, commercial space &amp; sign desing</subfield>
  </datafield>
  <datafield tag="264" ind1=" " ind2=" ">
    <subfield code="b">Rikuyo-sha, </subfield>
    <subfield code="c">1996-</subfield>
    <subfield code="a">Tokio, Japan :</subfield>
  </datafield>
  <datafield tag="300" ind1=" " ind2=" ">
    <subfield code="a">vol&#xFA;menes : </subfield>
    <subfield code="b">ilustraciones</subfield>
  </datafield>
  <datafield tag="336" ind1=" " ind2=" ">
    <subfield code="a">texto</subfield>
    <subfield code="2">rdacontent</subfield>
  </datafield>
  <datafield tag="337" ind1=" " ind2=" ">
    <subfield code="a">sin medio</subfield>
    <subfield code="2">rdamedia</subfield>
  </datafield>
  <datafield tag="338" ind1=" " ind2=" ">
    <subfield code="a">volumen</subfield>
    <subfield code="2">rdacarrier</subfield>
  </datafield>
  <datafield tag="650" ind1=" " ind2="1">
    <subfield code="a">Arte comercial</subfield>
    <subfield code="v">Cat&#xE1;logos</subfield>
    <subfield code="x"> Publicaciones peri&#xF3;dicas</subfield>
    <subfield code="9">32586</subfield>
  </datafield>
  <datafield tag="650" ind1=" " ind2="2">
    <subfield code="a">Publicidad</subfield>
    <subfield code="v">Cat&#xE1;logos</subfield>
    <subfield code="x">Publicaciones peri&#xF3;dicas</subfield>
    <subfield code="z">Jap&#xF3;n</subfield>
    <subfield code="9">32587</subfield>
  </datafield>
  <datafield tag="650" ind1=" " ind2="2">
    <subfield code="2">Exhibici&#xF3;n de mercancias</subfield>
    <subfield code="v">Cat&#xE1;logos</subfield>
    <subfield code="x">Publicaciones peri&#xF3;dicas</subfield>
    <subfield code="9">32588</subfield>
  </datafield>
  <datafield tag="650" ind1=" " ind2="2">
    <subfield code="2">Arquitectura de interiores --</subfield>
    <subfield code="x"> Publicaciones periodicas</subfield>
  </datafield>
  <datafield tag="942" ind1=" " ind2=" ">
    <subfield code="2">lcc</subfield>
    <subfield code="c">B</subfield>
  </datafield>
  <datafield tag="999" ind1=" " ind2=" ">
    <subfield code="c">20358</subfield>
    <subfield code="d">20358</subfield>
  </datafield>
</record>
